ბათუმის შოთა რუსთაველის სახელმწიფო უნივერსიტეტის ბიბლიოთეკა

Лабораторный практикум по техническому анализу и контролю производств лакокрасочных материалов и покрытии (ბიბ.ჩანაწერი № 35700)

000 -LEADER
fixed length control field 00936nam a2200241Ia 4500
001 - CONTROL NUMBER
control field 1573
003 - CONTROL NUMBER IDENTIFIER
control field GE_BSU
008 - FIXED-LENGTH DATA ELEMENTS--GENERAL INFORMATION
fixed length control field 181216s||||||||xx |||||||||||||| ||und||
020 ## - INTERNATIONAL STANDARD BOOK NUMBER
International Standard Book Number 5724502518
040 ## - CATALOGING SOURCE
Transcribing agency GE_BSU
080 ## - UNIVERSAL DECIMAL CLASSIFICATION NUMBER
Universal Decimal Classification number 667(076)
100 ## - MAIN ENTRY--PERSONAL NAME
Personal name Корякина,М.И.
245 ## - TITLE STATEMENT
Title Лабораторный практикум по техническому анализу и контролю производств лакокрасочных материалов и покрытии
245 ## - TITLE STATEMENT
Remainder of title Учеб. пособие.
250 ## - EDITION STATEMENT
Edition statement Изд 2-ое, перераб. и доп.
260 ## - PUBLICATION, DISTRIBUTION, ETC.
Place of publication, distribution, etc. М.
260 ## - PUBLICATION, DISTRIBUTION, ETC.
Name of publisher, distributor, etc. Химия.
260 ## - PUBLICATION, DISTRIBUTION, ETC.
Date of publication, distribution, etc. 1989.
300 ## - PHYSICAL DESCRIPTION
Extent 205стр.20см.
653 ## - INDEX TERM--UNCONTROLLED
Uncontrolled term Лабораторный практикум по техническому анализу и контролю производств лакокрасочных материалов и покрытии.
942 ## - ADDED ENTRY ELEMENTS (KOHA)
Koha item type წიგნი
ეგზემპლარები
Withdrawn status Lost status Damaged status Not for loan Date acquired Barcode Date last seen Price effective from Koha item type
        2018-12-17 3011 2018-12-17 2018-12-17 წიგნი